Cars featured in The Grand Tour - Statistics

General Stats
  • This quiz has been taken 28 times
  • The average score is 28 of 91
Answer Stats
Brand Tested/Driven by: Has in name: Model % Correct
Aston Martin Jeremy Clarkson Letters + number DB 11
78%
Bugatti Jeremy Clarkson Word Chiron
74%
Bugatti Unknown (Drag Race) Word Veyron
74%
Ford Jeremy Clarkson Letters GT
67%
Ariel Richard Hammond Word Nomad
63%
Audi Jeremy Clarkson Word Quattro
59%
Aston Martin Richard Hammond Word Vantage
59%
Abarth Richard Hammond Number Word 124 Spider
56%
Volkswagen Jeremy Clarkson Word + Letters Golf GTI
56%
Roush (Based on ford) James May Letter-Number + Word Mustang
56%
DeTomaso Jeremy Clarkson? Word Pantera
56%
Ferrari James May Word LaFerrari
52%
BMW Jeremy Clarkson Letter/Number M5
52%
Tesla Jeremy Clarkson Word + Letter Model X
52%
McLaren Jeremy Clarkson Letter/Number P1
52%
McLaren Jeremy Clarkson Word Senna
52%
Alpine James May letter and number A110
48%
Bentley Richard Hammond Word + Letters Continental GT
44%
Honda James May Letters NSX
44%
Alfa Romeo Jeremy Clarkson NumberLetter + Word 4C Spider
41%
Porsche Richard Hammond Number + Word 918 Spyder
41%
Rimac RIchard Hammond 2 Words Concept One
41%
Mazda Richard Hammond Letters-Number MX-5
41%
Alfa Romeo Jeremy Clarkson Word Stelvio
41%
Aston Martin Jeremy Clarkson Word Vulcan
41%
Lancia Jeremy Clarkson Number 037
37%
Ferrari Jeremy Clarkson? Number 488
37%
McLaren Richard Hammond Number/Letter 720S
37%
Alpina Jeremy Clarkson Letter and number B5
37%
Lamborghini Richard Hammond Word Countach
37%
Ford Jeremy Clarkson Word + Letters Focus RS
37%
Alfa Romeo Jeremy Clarkson 2 Words Giulia Quadrifoglio
37%
BMW Jeremy Clarkson Letter/Number M2
37%
Porsche Jeremy Clarkson Number + Letters/Number + Letters 911 GT2 RS
33%
Porsche Neel Jani Number + Letters/Number + Letters 911 GT3 RS
33%
Honda James May Word + Word + Letter Civic Type R
33%
Bugatti Jeremy Clarkson Letters + Number + 2 Words EB 110 SUper Sport
33%
Hennessey (based on Chevrolet) James May Word Exorcist
33%
Ford Richard Hammond Word + Letters Fiesta ST
33%
Ford (Perfect Replica) James May Letters/Number GT40
33%
Porsche Richard Hammond Word Macan
33%
Lamborghini Jeremy Clarkson Word + Letter Aventador S
30%
Dodge Richard Hammond Word + Letters + Word Challenger SRT Hellcat
30%
NIO Richard Hammond Letters/Number EP9
30%
Volkswagen Jeremy Clarkson Word + Letters Polo GTi
30%
Ford Richard Hammond Word Ranger
30%
MAT (Based on Lancia) Jeremy Clarkson Word Stratos
30%
Ferrari James May Word Testarossa
30%
Audi Jeremy Clarkson Letters + Letters TT RS
30%
Range Rover James May Word Velar
30%
Bentley James May Word Bentayga
26%
Sauber Mercedes (Just shown not driven) Built by Johan Ackermann Letter/Number C9
26%
Dodge Richard Hammond Word + Letters + Word Challenger SRT Demon
26%
BMW Jeremy Clarkson Letter/Number i3
26%
Ford Richard Hammond Word + Letters Mustang Gt
26%
Range Rover Jeremy Clarkson (Brand name) Range Rover
26%
Volkswagen James May Word! + Letters UP! GTi
26%
Lamborghini Jeremy Clarkson Word Urus
26%
Toyota James May Word + Letters Yaris GRMN
26%
BMW James May Number + Word Series 8 Series
22%
Mercedes-AMG Jeremy Clarkson Letters + Letter GT R
22%
Porsche James May Number 917
19%
Citroen Jeremy Clarkson Letter/Number + Word C3 Aircross
19%
Rolls-Royce James May Word Dawn
19%
Aston Martin Jeremy Clarkson Letters + Word DBS Superleggera
19%
Lexus Jeremy Clarkson Letters-Letter GS-F
19%
Shelby RIchard Hammond Letters/Number + Word GT350 Mustang
19%
Ford (Spec 3 version) Jermy Clarckson Word + Letters Mustang RTR
19%
Lotus Richard Hammond Number 25
15%
Volkswagen Jeremy Clarkson Word Amarok
15%
BMW Jeremy Clarkson Letter/Number + Letters M4 GTS
15%
Chevrolet James May 2 Words Corvette Stingray
11%
Aston Martin Jeremy Clarkson LetternNumber + Letters DB4 GT
11%
Zenos James May Letter/Number/Letter E10S
11%
Ferrari James May Letter/Number P3
11%
Audi Jeremy Clarkson
Richard Hammond James May
LetterNumber + Word S8 Plus
11%
Mercedes-Benz James May Letter + Word X Class
11%
James May's James May 2 Words Beach Buggy
7%
Jeremy Clarkson's Jeremy Clarkson 2 Words Beach Buggy
7%
Richard Hammond's Richard Hammond 2 Words Beach Buggy
7%
Chevrolet James May Word Letter/Number Corvette C1
7%
Ford Jeremy Clarkson Letter-Number + Word F-150 Raptor
7%
Lamborghini Richard Hammond 2 Words Huracan Performante
7%
Clarkson's eco.friendly car Jeremy Clarkson Word-Letter-Letter Meat-T-I
7%
Ford Richard Hammond Word + Letters + Word Sierra RS Cosworth
7%
Richard Hammond's eco friendly car Richard Hammond Word-Letter-Letter Tree-T-I
7%
Audi (just shown not driven) Letters + Mk(number of gen) + Word TT Mk1 Quattro
7%
Delta (based on Lancia) Jeremy Clarkson Word Futurista
4%
Jemas May's sustainable material car James May Word-Letter-Letter PEAT-T-I
4%
NSU James May Word Printz
4%
Fisker-Galpin (based on ford) Jeremy Clarkson 2 Words Rocket Mustang
4%
No matching quizzes found
Score Distribution
Percent of People with Each Score
Percentile by Number Answered
Your Score History
You have not taken this quiz